[Event "Roncana op-B 13th"]
[Site "Santa Eulalia de Roncana"]
[Date "2019.10.19"]
[Round "4"]
[White "Saborit Verdaguer, Roger"]
[Black "Herman Gamazo, Isaac"]
[Result "0-1"]
[WhiteElo "1506"]
[BlackElo "1429"]
[PlyCount "82"]
[EventDate "2019.09.28"]
[EventType "swiss"]
[EventRounds "8"]
[EventCountry "ESP"]
[SourceTitle "CBM 193 Extra"]
[Source "ChessBase"]
[SourceDate "2020.01.31"]
[SourceVersion "1"]
[SourceVersionDate "2020.01.31"]
[SourceQuality "1"]

1. e4 e5 2. Nf3 Nc6 3. Bb5 a6 4. Ba4 Nf6 5. d3 b5 6. Bb3 Be7 7. c3 0-0 8. Bg5 Bb7 9. 0-0 h6 10. Bxf6 Bxf6 11. Re1 Re8 12. a3 Na5 13. Bc2 d5 14. b4 dxe4 15. dxe4 Nc4 16. Qc1 Rc8 17. Nbd2 Nd6 18. Rd1 Qe7 19. Re1 c5 20. bxc5 Rxc5 21. Bb3 Rec8 22. Re3 Qc7 23. Qc2 Rxc3 24. Rxc3 Qxc3 25. Qxc3 Rxc3 26. Re1 Nxe4 27. Bxf7+ Kxf7 28. Nxe4 Bxe4 29. Rxe4 Rxa3 30. Kf1 Ke6 31. Re1 Ra2 32. g4 b4 33. Nd4+ Kd5 34. Nb3 Kc4 35. Nc1 Rc2 36. Ne2 b3 37. Ng3 b2 38. Re4+ Kc5 39. Re1 Kb4 40. Ne4 a5 41. Kg2 Rc1 0-1

[Event "Roncana op-B 13th"]
[Site "Santa Eulalia de Roncana"]
[Date "2019.10.12"]
[Round "3"]
[White "Gomez Sanchez, Javier"]
[Black "Saborit Verdaguer, Roger"]
[Result "1-0"]
[WhiteElo "1405"]
[BlackElo "1506"]
[PlyCount "89"]
[EventDate "2019.09.28"]
[EventType "swiss"]
[EventRounds "8"]
[EventCountry "ESP"]
[SourceTitle "CBM 193 Extra"]
[Source "ChessBase"]
[SourceDate "2020.01.31"]
[SourceVersion "1"]
[SourceVersionDate "2020.01.31"]
[SourceQuality "1"]

1. d4 Nf6 2. Nf3 d5 3. Bf4 g6 4. c4 c6 5. Nc3 Bf5 6. Qb3 b6 7. cxd5 Nxd5 8. Ne5 Be6 9. Nxd5 Qxd5 10. Qc2 Bf5 11. Qa4 f6 12. Nf3 Qa5+ 13. Qxa5 bxa5 14. Rc1 Bg7 15. Rc5 a4 16. e3 Nd7 17. Rxc6 e5 18. dxe5 fxe5 19. Bg3 0-0 20. Bc4+ Kh8 21. 0-0 Be4 22. Rd6 Bxf3 23. Rxd7 Bg4 24. Re7 a6 25. Bxe5 Bxe5 26. Rxe5 Rfc8 27. Be6 Bxe6 28. Rxe6 Rc2 29. Rb6 a3 30. bxa3 Rxa2 31. Rb3 a5 32. Rc1 a4 33. Rd3 Rb8 34. g3 Rbb2 35. Rd7 Rb8 36. Rcc7 Ra8 37. Rxh7+ Kg8 38. Rcg7+ Kf8 39. Rxg6 Rxa3 40. Rh8+ Kf7 41. Rxa8 Kxg6 42. Kg2 Kf5 43. h4 Kg4 44. Ra5 Ra2 45. Rg5# 1-0

[Event "Roncana op-B 12th"]
[Site "Santa Eulalia de Roncana"]
[Date "2018.09.29"]
[Round "1"]
[White "Saborit Verdaguer, Roger"]
[Black "Lambert Pont, Michael"]
[Result "0-1"]
[WhiteElo "1549"]
[BlackElo "1348"]
[PlyCount "124"]
[EventDate "2018.09.29"]
[EventType "swiss"]
[EventRounds "8"]
[EventCountry "ESP"]
[SourceTitle "EXT 2020"]
[Source "ChessBase"]
[SourceDate "2019.10.17"]
[SourceVersion "1"]
[SourceVersionDate "2019.10.17"]
[SourceQuality "1"]

1. b3 e6 2. Bb2 d5 3. e3 c5 4. Bb5+ Bd7 5. Bxd7+ Qxd7 6. Nf3 Nc6 7. 0-0 Nf6 8. d3 Be7 9. Nbd2 0-0 10. Ne5 Nxe5 11. Bxe5 a5 12. c4 b5 13. Qf3 bxc4 14. dxc4 d4 15. exd4 cxd4 16. Rac1 Bc5 17. Bxf6 gxf6 18. Qxf6 Qe7 19. Ne4 Rfd8 20. Rfd1 Qxf6 21. Nxf6+ Kg7 22. Ne4 Bb4 23. Rd3 a4 24. c5 axb3 25. axb3 e5 26. g4 Rac8 27. Rc4 Ba5 28. Nd6 Rc6 29. Nb7 Ra8 30. Ra4 Rca6 31. c6 Bc7 32. Rc4 Ra3 33. Kg2 Kg6 34. h4 h6 35. Nc5 Rb8 36. Ra4 Rxa4 37. bxa4 Rb6 38. Kf3 Rxc6 39. Ne4 Ra6 40. h5+ Kg7 41. Nc5 Ra5 42. Nb3 Rxa4 43. Ke4 Rc4 44. Nd2 Rc3 45. f3 Kf6 46. Nf1 Kg5 47. Ng3 Rxd3 48. Kxd3 Kf4 49. Nf5 Kg5 50. Ke4 Bb8 51. Ng3 f6 52. Nf5 Bc7 53. Ng7 Bd6 54. Ne6+ Kh4 55. Ng7 Bf8 56. Nf5+ Kh3 57. Nxd4 exd4 58. Kxd4 Kg3 59. Ke4 Bd6 60. Kf5 Kxf3 61. Kxf6 Kxg4 62. Kg6 Bf4 0-1

[Event "Llinars del Valles op-B 12th"]
[Site "Llinars del Valles"]
[Date "2018.05.05"]
[Round "4.4"]
[White "Saborit Verdaguer, Roger"]
[Black "Sierra Macias, Adan"]
[Result "0-1"]
[WhiteElo "1585"]
[BlackElo "1488"]
[PlyCount "98"]
[EventDate "2018.04.14"]
[EventType "swiss"]
[EventRounds "8"]
[EventCountry "ESP"]
[SourceTitle "CBM 184 Extra"]
[Source "ChessBase"]
[SourceDate "2018.06.28"]
[SourceVersion "1"]
[SourceVersionDate "2018.06.28"]
[SourceQuality "1"]

1. e4 c5 2. Nf3 e6 3. c3 Be7 4. d4 cxd4 5. cxd4 d6 6. Bb5+ Nd7 7. 0-0 a6 8. Bxd7+ Qxd7 9. Nc3 b5 10. Bd2 Bb7 11. Re1 Nf6 12. Qb3 0-0 13. d5 exd5 14. Nxd5 Nxd5 15. exd5 Rfe8 16. Rac1 Bf8 17. Nd4 Rxe1+ 18. Rxe1 Rc8 19. Rc1 Rc5 20. Qe3 Bxd5 21. b3 Qg4 22. f3 Qd7 23. Bb4 Rxc1+ 24. Qxc1 Qa7 25. Qe3 a5 26. Bc3 b4 27. Bb2 g6 28. Qe8 Qe7 29. Qxe7 Bxe7 30. Ne2 Bc6 31. Bd4 Bd8 32. Kf2 f5 33. Nf4 Kf7 34. g3 g5 35. Nd3 Ke6 36. Ke3 Bb5 37. Ne1 Kd5 38. Nc2 Kc6 39. Ba7 Kd5 40. Bd4 Bd7 41. f4 g4 42. Ba7 h5 43. Kd3 Kc6 44. Bf2 Bb6 45. Bd4 Bc5 46. Ne3 Be6 47. Nc2 Bd5 48. Ne3 Be4+ 49. Kc4 d5+ 0-1

[Event "Roncana op 11th"]
[Site "Santa Eulalia de Roncana"]
[Date "2017.09.30"]
[Round "2"]
[White "Nicolas Vallellano, Emiliano"]
[Black "Saborit Verdaguer, Roger"]
[Result "1-0"]
[WhiteElo "1800"]
[BlackElo "1567"]
[PlyCount "39"]
[EventDate "2017.09.23"]
[EventType "swiss"]
[EventRounds "8"]
[EventCountry "ESP"]
[SourceTitle "CBM 187 Extra"]
[Source "ChessBase"]
[SourceDate "2018.11.04"]
[SourceVersion "1"]
[SourceVersionDate "2018.11.04"]
[SourceQuality "1"]

1. e4 c5 2. d4 cxd4 3. c3 dxc3 4. Nxc3 Nc6 5. Nf3 d6 6. Bc4 e6 7. 0-0 Nf6 8. Qe2 a6 9. Rd1 Bd7 10. e5 dxe5 11. Ng5 Qc7 12. Be3 Be7 13. Rac1 Rd8 14. Na4 Nd4 15. Bxd4 Bxa4 16. Bb3 Qa5 17. Bb6 Rxd1+ 18. Qxd1 Qxb6 19. Bxa4+ Kf8 20. Rc8+ 1-0

[Event "Roncana op-B 10th"]
[Site "Santa Eulalia de Roncana"]
[Date "2016.10.01"]
[Round "2"]
[White "Valls Matheu, Albert"]
[Black "Saborit Verdaguer, Roger"]
[Result "0-1"]
[WhiteElo "1272"]
[BlackElo "1553"]
[PlyCount "72"]
[EventDate "2016.09.24"]
[EventType "swiss"]
[EventRounds "8"]
[EventCountry "ESP"]
[SourceTitle "EXT 2018"]
[Source "ChessBase"]
[SourceDate "2017.10.13"]
[SourceVersion "1"]
[SourceVersionDate "2017.10.13"]
[SourceQuality "1"]

1. d4 Nf6 2. Bf4 d6 3. Nf3 Bf5 4. h3 Nbd7 5. Nc3 c6 6. d5 Rb8 7. Nh4 Be4 8. Nxe4 Nxe4 9. f3 Nef6 10. e4 cxd5 11. exd5 Qa5+ 12. c3 Nxd5 13. Bd2 Qb6 14. Nf5 e6 15. Nd4 Be7 16. b3 Bh4+ 17. Ke2 e5 18. Be1 exd4 19. Qxd4 Qxd4 20. cxd4 Bxe1 21. Rxe1 0-0 22. Kd2 Rfe8 23. Bb5 Rxe1 24. Rxe1 N7f6 25. a3 Kf8 26. g3 a6 27. Bc4 b5 28. Bd3 Rc8 29. Rb1 Rc7 30. a4 Nc3 31. Rc1 Nfd5 32. axb5 axb5 33. Bxh7 g6 34. Kd3 Kg7 35. Ra1 Kxh7 36. Ra6 Nb4+ 0-1

[Event "Moia op 4th"]
[Site "Moia"]
[Date "2015.10.09"]
[Round "4"]
[White "Gimbert Arumi, Miquel"]
[Black "Saborit Verdaguer, Roger"]
[Result "1-0"]
[WhiteElo "1921"]
[BlackElo "1776"]
[PlyCount "137"]
[EventDate "2015.09.18"]
[EventType "swiss"]
[EventRounds "8"]
[EventCountry "ESP"]
[SourceTitle "EXT 2017"]
[Source "ChessBase"]
[SourceDate "2016.10.25"]
[SourceVersion "1"]
[SourceVersionDate "2016.10.25"]
[SourceQuality "1"]

1. c4 Nf6 2. Nc3 g6 3. g3 Bg7 4. Bg2 d6 5. d4 0-0 6. Nf3 c6 7. 0-0 Na6 8. a3 Nc7 9. Bg5 Nd7 10. Qd2 f6 11. Bh6 e5 12. Bxg7 Kxg7 13. e4 exd4 14. Nxd4 Ne5 15. b3 Ne6 16. f4 Nxd4 17. Qxd4 Nf7 18. Rad1 Bg4 19. Rd2 Qb6 20. Qxb6 axb6 21. a4 Rad8 22. h3 Bc8 23. Rfd1 Rfe8 24. Kh2 Re6 25. h4 Re7 26. Bf3 h5 27. Kg2 Be6 28. Kf2 Bg4 29. Ne2 Bxf3 30. Kxf3 Rde8 31. Nc3 Re6 32. Re2 Rd8 33. Rd4 g5 34. hxg5 fxg5 35. Rh2 g4+ 36. Ke3 Kh6 37. Rd1 d5 38. cxd5 cxd5 39. Rxd5 Rxd5 40. Nxd5 Nd6 41. e5 Nf5+ 42. Kf2 Nd4 43. Nf6 Kg6 44. Nxh5 Rc6 45. Ke3 Nf3 46. Rh1 Rc3+ 47. Ke4 Nd2+ 48. Kd5 Nxb3 49. Rh4 Rc5+ 50. Kd6 Rc6+ 51. Kd7 Nc5+ 52. Ke7 Rc7+ 53. Ke8 Rc8+ 54. Ke7 Rc7+ 55. Kd8 Ne6+ 56. Ke8 Rh7 57. Rxg4+ Kxh5 58. Rh4+ Kg6 59. f5+ Kxf5 60. Rxh7 Nc5 61. Rf7+ Kxe5 62. g4 Ne4 63. Kd8 Nd6 64. Rf1 Kd5 65. Kc7 b5 66. Rd1+ Kc5 67. Rxd6 bxa4 68. Rb6 a3 69. Kxb7 1-0

[Event "Olot Volcans op 3rd"]
[Site "Olot"]
[Date "2012.06.02"]
[Round "3"]
[White "Diaz Munoz, Sergi"]
[Black "Saborit Verdaguer, Roger"]
[Result "1/2-1/2"]
[WhiteElo "2131"]
[BlackElo "1826"]
[PlyCount "68"]
[EventDate "2012.05.26"]
[EventType "swiss"]
[EventRounds "8"]
[EventCountry "ESP"]
[SourceTitle "CBM 148 Extra"]
[Source "ChessBase"]
[SourceDate "2012.06.22"]
[SourceVersion "1"]
[SourceVersionDate "2012.06.22"]
[SourceQuality "1"]

1. e4 c5 2. Nf3 d6 3. d4 cxd4 4. Nxd4 Nf6 5. Nc3 a6 6. f3 e5 7. Nb3 Be6 8. Be3 Be7 9. Qd2 0-0 10. 0-0-0 Qc7 11. g4 Nbd7 12. h4 Rfc8 13. g5 Nh5 14. Bh3 g6 15. Bg4 b5 16. Kb1 Nb6 17. Bxb6 Qxb6 18. Nd5 Bxd5 19. exd5 Rc4 20. Na5 Rd4 21. Qc3 b4 22. Qc6 Rxd1+ 23. Rxd1 Rb8 24. Nc4 Qd8 25. Qxa6 f5 26. gxf6 Nxf6 27. Be6+ Kh8 28. Qa7 Ra8 29. Qb6 Qxb6 30. Nxb6 Rb8 31. Nc4 Kg7 32. Na5 Nh5 33. Nc6 Rb6 34. Bd7 Bf6 1/2-1/2

[Event "Olot Volcans op 3rd"]
[Site "Olot"]
[Date "2012.06.02"]
[Round "4"]
[White "Saborit Verdaguer, Roger"]
[Black "De Azua Arpi, Rafael"]
[Result "0-1"]
[WhiteElo "1826"]
[BlackElo "2016"]
[PlyCount "54"]
[EventDate "2012.05.26"]
[EventType "swiss"]
[EventRounds "8"]
[EventCountry "ESP"]
[SourceTitle "CBM 148 Extra"]
[Source "ChessBase"]
[SourceDate "2012.06.22"]
[SourceVersion "1"]
[SourceVersionDate "2012.06.22"]
[SourceQuality "1"]

1. e4 e6 2. d4 d5 3. e5 c5 4. c3 Nc6 5. Bb5 Bd7 6. Bxc6 Bxc6 7. Ne2 cxd4 8. cxd4 Bb4+ 9. Nbc3 Ne7 10. 0-0 0-0 11. Bg5 Qc7 12. Rc1 h6 13. Bxe7 Qxe7 14. Ng3 Qh4 15. f4 f5 16. Rf3 g5 17. Nge2 g4 18. Re3 Rac8 19. Qe1 Qxe1+ 20. Rxe1 Rc7 21. a3 Be7 22. Rd1 Rfc8 23. Ng3 Be8 24. Ree1 Bxa3 25. Ra1 Bxb2 26. Nce2 Bxa1 27. Rxa1 a6 0-1

[Event "Barcelona Primavera La Lira op 5th"]
[Site "Barcelona"]
[Date "2012.05.31"]
[Round "7"]
[White "Massanet Miret, Pere"]
[Black "Saborit Verdaguer, Roger"]
[Result "1-0"]
[WhiteElo "1734"]
[BlackElo "1574"]
[PlyCount "67"]
[EventDate "2012.04.19"]
[EventType "swiss"]
[EventRounds "9"]
[EventCountry "ESP"]
[SourceTitle "CBM 148 Extra"]
[Source "ChessBase"]
[SourceDate "2012.06.22"]
[SourceVersion "1"]
[SourceVersionDate "2012.06.22"]
[SourceQuality "1"]

1. d4 Nf6 2. Nf3 c6 3. Bf4 d5 4. e3 Bg4 5. Nbd2 e6 6. Bd3 Bd6 7. Bg3 Bxg3 8. hxg3 Nbd7 9. c3 e5 10. dxe5 Nxe5 11. Be2 Nfd7 12. Qc2 Nxf3+ 13. gxf3 Be6 14. Rxh7 Rg8 15. Nb3 Qb6 16. Nd4 0-0-0 17. 0-0-0 Nf6 18. Nxe6 fxe6 19. Rh4 Rh8 20. Rdh1 Rhe8 21. Bd3 e5 22. Bg6 Rf8 23. Qf5+ Nd7 24. Qg4 Kb8 25. Bc2 Qa6 26. Bd1 Qxa2 27. Qxg7 e4 28. f4 Nc5 29. Bc2 Qa1+ 30. Kd2 Qxb2 31. Rb1 Qa2 32. Rh7 Qa6 33. Qd4 b6 34. Qxc5 1-0

[Event "Barcelona Primavera La Lira op 5th"]
[Site "Barcelona"]
[Date "2012.05.17"]
[Round "5"]
[White "Saborit Verdaguer, Roger"]
[Black "Alvarez Garmendia, Jose Maria"]
[Result "1-0"]
[WhiteElo "1574"]
[BlackElo "1630"]
[PlyCount "95"]
[EventDate "2012.04.19"]
[EventType "swiss"]
[EventRounds "9"]
[EventCountry "ESP"]
[SourceTitle "CBM 148 Extra"]
[Source "ChessBase"]
[SourceDate "2012.06.22"]
[SourceVersion "1"]
[SourceVersionDate "2012.06.22"]
[SourceQuality "1"]

1. b3 Nf6 2. Bb2 d6 3. c4 c5 4. d3 Nc6 5. Nf3 Bg4 6. e3 e5 7. Nbd2 Be7 8. Be2 0-0 9. a3 Rc8 10. Qc2 a6 11. h3 Bf5 12. 0-0 b5 13. Rad1 Bg6 14. Ng5 b4 15. a4 h6 16. Nge4 Nd7 17. Bf3 Qc7 18. Rfe1 Nd8 19. Nf1 Ne6 20. Qd2 f5 21. Neg3 Nf6 22. Qe2 Ng5 23. Bh5 Nxh5 24. Nxh5 Rf7 25. f4 Nh7 26. Nfg3 Bh4 27. Rf1 Rcf8 28. e4 fxe4 29. Qg4 Bxh5 30. Nxh5 Bf6 31. dxe4 Qe7 32. f5 Bg5 33. Rf3 Nf6 34. Nxf6+ Qxf6 35. g3 Qe7 36. h4 Bf6 37. Rfd3 Rd8 38. Bc1 Kh8 39. Rd5 Qf8 40. R1d3 Rc7 41. Be3 Qe7 42. Qd1 Bxh4 43. gxh4 Qxh4 44. Qf3 Qe7 45. Qg4 Qf7 46. Qg6 Qxg6+ 47. fxg6 Kg8 48. Bxc5 1-0

[Event "Llinars del Valles op-B 6th"]
[Site "Llinars del Valles"]
[Date "2012.05.05"]
[Round "4"]
[White "Calderon Alzate, Ivan Alejandro"]
[Black "Saborit Verdaguer, Roger"]
[Result "1-0"]
[WhiteElo "1710"]
[BlackElo "1574"]
[PlyCount "47"]
[EventDate "2012.04.14"]
[EventType "swiss"]
[EventRounds "9"]
[EventCountry "ESP"]
[SourceTitle "EXT 2013"]
[Source "ChessBase"]
[SourceDate "2012.11.22"]
[SourceVersion "1"]
[SourceVersionDate "2012.11.22"]
[SourceQuality "1"]

1. e4 c5 2. d3 Nc6 3. Nf3 d6 4. g3 Bg4 5. h3 Bxf3 6. Qxf3 Nd4 7. Qd1 Nf6 8. c3 Nc6 9. Bg2 e5 10. 0-0 Be7 11. Nd2 b5 12. f4 Qb6 13. Kh2 0-0-0 14. a4 b4 15. Nc4 Qc7 16. a5 d5 17. exd5 Nxd5 18. fxe5 Nxe5 19. Nxe5 Qxe5 20. Re1 Qd6 21. c4 Nf6 22. Bf4 Qxd3 23. Rxe7 Qxd1 24. Bb7# 1-0

[Event "Barcelona Primavera La Lira op 5th"]
[Site "Barcelona"]
[Date "2012.05.03"]
[Round "3"]
[White "Orts Gonzalez, Rafael"]
[Black "Saborit Verdaguer, Roger"]
[Result "0-1"]
[WhiteElo "1298"]
[BlackElo "1574"]
[PlyCount "72"]
[EventDate "2012.04.19"]
[EventType "swiss"]
[EventRounds "9"]
[EventCountry "ESP"]
[SourceTitle "CBM 148 Extra"]
[Source "ChessBase"]
[SourceDate "2012.06.22"]
[SourceVersion "1"]
[SourceVersionDate "2012.06.22"]
[SourceQuality "1"]

1. d4 Nf6 2. Bf4 d5 3. e3 g6 4. Be5 Bg7 5. Be2 0-0 6. h4 h5 7. Nf3 Bf5 8. Ng5 Nbd7 9. Nd2 Nxe5 10. dxe5 Nd7 11. f4 c6 12. c3 Qb6 13. e4 dxe4 14. Ndxe4 Rad8 15. Qb3 Qe3 16. e6 Bxe4 17. exf7+ Kh8 18. Nxe4 Qxe4 19. 0-0-0 Qxe2 20. Rhe1 Nc5 21. Rxe2 Nxb3+ 22. axb3 Rxd1+ 23. Kxd1 Rxf7 24. g3 Bf6 25. Rf2 Kg8 26. Rd2 e5 27. Rd6 exf4 28. gxf4 Kg7 29. Rd3 Bxh4 30. Rf3 g5 31. f5 g4 32. Rf4 Rd7+ 33. Ke2 Kf6 34. Rf1 Rd5 35. Rh1 Re5+ 36. Kd3 Bg5 0-1

[Event "Llinars del Valles op-B 6th"]
[Site "Llinars del Valles"]
[Date "2012.04.21"]
[Round "2"]
[White "Gonzalez Rodriguez, Damian"]
[Black "Saborit Verdaguer, Roger"]
[Result "1/2-1/2"]
[WhiteElo "1741"]
[BlackElo "1574"]
[PlyCount "92"]
[EventDate "2012.04.14"]
[EventType "swiss"]
[EventRounds "9"]
[EventCountry "ESP"]
[SourceTitle "EXT 2013"]
[Source "ChessBase"]
[SourceDate "2012.11.22"]
[SourceVersion "1"]
[SourceVersionDate "2012.11.22"]
[SourceQuality "1"]

1. d4 Nf6 2. c4 e5 3. Bg5 exd4 4. Qxd4 Be7 5. Nc3 Nc6 6. Qd2 d6 7. e3 Bf5 8. Nf3 h6 9. Bf4 Nb4 10. Nd4 Bg6 11. a3 Nc6 12. Be2 Nxd4 13. Qxd4 c5 14. Qd2 a6 15. Bf3 Qb6 16. Nd5 Nxd5 17. Bxd5 0-0 18. 0-0 Bf6 19. e4 Rfe8 20. f3 Bd4+ 21. Be3 Qxb2 22. Qxb2 Bxb2 23. Ra2 Bf6 24. Bxb7 Ra7 25. Bd5 Rb8 26. Rd1 Kf8 27. Rad2 Rb6 28. g4 Rd7 29. f4 Be7 30. Rd3 Rd8 31. Kf2 f6 32. h4 Be8 33. Be6 Rdb8 34. h5 Ba4 35. R1d2 Rb2 36. f5 Bc2 37. Rc3 Bxe4 38. Bf4 Rxd2+ 39. Bxd2 Rb2 40. Ke3 Bg2 41. Bd5 Bxd5 42. cxd5 Bd8 43. Rc4 Rb3+ 44. Rc3 Rxc3+ 45. Bxc3 Ke7 46. Kd3 Kd7 1/2-1/2

[Event "Roncana op-B 5th"]
[Site "Santa Eulalia de Roncana"]
[Date "2011.11.19"]
[Round "7"]
[White "Saborit Verdaguer, Roger"]
[Black "Las Heras Maestro, Lluis"]
[Result "0-1"]
[WhiteElo "1612"]
[BlackElo "1497"]
[PlyCount "74"]
[EventDate "2011.10.01"]
[EventType "swiss"]
[EventRounds "8"]
[EventCountry "ESP"]
[SourceTitle "EXT 2013"]
[Source "ChessBase"]
[SourceDate "2012.11.22"]
[SourceVersion "1"]
[SourceVersionDate "2012.11.22"]
[SourceQuality "1"]

1. e4 c5 2. Nf3 Nc6 3. c3 d5 4. e5 Bg4 5. Bb5 a6 6. Bxc6+ bxc6 7. Qa4 Qd7 8. Qf4 Qe6 9. Ng5 Qf5 10. Qxf5 Bxf5 11. 0-0 c4 12. d4 h6 13. Nf3 f6 14. Re1 Kd7 15. h3 g5 16. g4 Be6 17. Nbd2 h5 18. Nh2 hxg4 19. hxg4 Nh6 20. f3 Nf7 21. b3 f5 22. gxf5 Bxf5 23. bxc4 e6 24. Rb1 Bxb1 25. cxd5 Bxa2 26. dxe6+ Kxe6 27. Ne4 Be7 28. Re2 Bd5 29. Rb2 a5 30. Nf1 g4 31. Nfg3 gxf3 32. Be3 Rag8 33. Kf1 Ng5 34. Nc5+ Bxc5 35. dxc5 Ne4 36. Nxe4 Bxe4 37. Rd2 Rh1+ 0-1